| 000 | 00549nam a2200181Ia 4500 | ||
|---|---|---|---|
| 008 | 100920s9999 xx 000 0 und d | ||
| 082 |
_b96944 _a--- न 06 |
||
| 100 | _aओक सुनेत्रा. | ||
| 245 | _aघराबाहेर. | ||
| 260 |
_bअक्षता प्रकाशन,पुणे. _c2006 |
||
| 300 |
_a239 _bसाधी |
||
| 365 | _b225 | ||
| 520 | _aकादंबरी. | ||
| 630 | _aघराबाहेर. | ||
| 650 | _aकादंबरी. | ||
| 730 | _aघराबाहेर. | ||
| 942 | _cBOOK | ||
| 999 |
_c737383 _d737380 |
||